Wird geladen...
Sea around us/2nd ed.
| 1. Verfasser: | |
|---|---|
| Format: | Printed Book |
| Sprache: | English |
| LEADER | 00387nam a22001217a 4500 | ||
|---|---|---|---|
| 005 | 20151028162302.0 | ||
| 008 | 090814t xxu||||| |||| 00| 0 eng d | ||
| 082 | |a 551.46 |b K13 | ||
| 100 | |a Carson, Rachel L. |9 2572 | ||
| 245 | |a Sea around us/2nd ed. | ||
| 942 | |c BK |6 _ | ||
| 999 | |c 78961 |d 78961 | ||
| 952 | |0 0 |1 0 |2 ddc |4 0 |6 55146_K13 |7 0 |9 92190 |a SOS |b SOS |d 2009-08-14 |o 551.46 K13 |p IF000682 |r 2009-08-14 |w 2009-08-14 |y BK | ||